000 00444nam a2200169Ia 4500
008 221030s9999 xx 000 0 und d
020 _a8121908205
041 _aEnglish
082 _a105.23
_bKan
100 _aP. Kandasamy
245 0 _aEngineering Mathematics Vol. I
_cby P. Kandasamy, K. Thilagavathy
260 _bS. Chand & Co
_aNew Delhi
_c2001
300 _a836
650 _aBE Mathematics
700 _aK. Thilagavathy
942 _cBK
999 _c3085
_d3085